El defensor de la religión que se público en la ciudad de Guadalajara capital del estado de Jalisco ...

Detalles Bibliográficos
Formato: Libro
Publicado: Guadalajara 1831
Materias:
Colección:Banco de datos
Acervo:Biblioteca del Ex Convento de Nuestra Señora de Guadalupe. Zacatecas
Descripción Física:t. V
Tema general:Apologética
Notas:Buena. XIX,7,26 (6252)
LEADER 00715nam a22001930004500
035 |a 43245 
036 |a 4429 
245 1 0 |a El defensor de la religión que se público en la ciudad de Guadalajara capital del estado de Jalisco ... 
260 |a Guadalajara  |b imp. Dionisio Rodríguez  |c 1831 
300 |a t. V 
500 |a Buena. XIX,7,26 (6252) 
650 1 0 |a Apologética 
949 |a CRZ-CG 
959 |a Ex convento de Nuestra Señora de Guadalupe, Museo Regional de Zacatecas, Zacatecas  |b CCC4 
960 |a Convento de Nuestra Señora de Guadalupe, Zacatecas  |b DD87 
961 |a Franciscana  |b OF 
942 |c CRZ-CG 
943 |g Biblioteca del Ex Convento de Nuestra Señora de Guadalupe. Zacatecas 
999 |c 967372  |d 967372